• 首页
  • 本馆介绍
  • 公告通知
  • 最新文献
  • 馆藏检索
  • 电子资源
  • 读者导购
  • 参考咨询
  • 我的图书馆
  • 登录
  • 详细信息显示
  • 放入我的书架
  • 预约/预借图书
  • 作者相关作品
  • 分类相关作品
  • 丛书相关作品
  • 出版社相关作品

书目信息

  • 表格格式
  • 工作单格式
  • 卡片格式
题名:
古物之美
    
 
作者: 祝勇 编著
分册:  
出版信息: 北京   人民文学出版社  2019
页数: 1册
开本: 19cm
丛书名:
单 册:
中图分类: K870.2 , K87
科图分类:
主题词:
电子资源:
ISBN: 978-7-02-015623-8
000 00762nam0 2200241 450
001 2377472487
005 20231119213127.65
010    @a978-7-02-015623-8@dCNY58.00
100    @a20200408d2019 em y0chiy50 ea
101 0  @achi
102    @aCN@b110000
105    @aa z 000yy
200 1  @a古物之美@Agu wu zhi mei@e一本六百年的青春手帐@f祝勇[编辑]
210    @a北京@c人民文学出版社@d2019
215    @a1册@c彩图@d19cm
300    @a人文之宝 2020
330    @a本书是一本手帐,手账主题为故宫古物,由祝勇老师编辑选取图片和文字加以现代设计,呈现出蕴含文化价值的手账笔记本。
601 02 @a故宫博物院@x历史文物@y北京@j图集
690    @aK870.2@v5
690    @aK87@v4
701  0 @a祝勇@Azhu yong@4编著
801  0 @aCN@b山东中教@c20231119
905    @aBZT@dK87@e39
    
    古物之美:一本六百年的青春手帐/祝勇[编辑].-北京:人民文学出版社,2019
    1册:彩图;19cm
    人文之宝 2020
    
    ISBN 978-7-02-015623-8:CNY58.00
    本书是一本手帐,手账主题为故宫古物,由祝勇老师编辑选取图片和文字加以现代设计,呈现出蕴含文化价值的手账笔记本。
●
相关链接 在五车中查询图书 在当当中查询图书 在豆瓣中查询图书


正题名:古物之美     索取号:K87/39         预约/预借

序号 登录号 条形码 馆藏地/架位号 状态 备注
1 2000986788   2000986788   中教第一批/山东中教(第一批)/337/ [索取号:K87/39] 在馆    
2 2000986789   2000986789   中教第一批/山东中教(第一批)/337/ [索取号:K87/39] 在馆    
山东省滨州职业学院图书馆 欢迎您!
大连网信软件有限公司© 版权所有